Normal view
MARC view
- Nursing - Study- Scensics
Entry Topical Term
001 - CONTROL NUMBER
- control field: 5765
003 - CONTROL NUMBER IDENTIFIER
- control field: JO-AjAnu
005 - DATE AND TIME OF LATEST TRANSACTION
- control field: 20230606071233.0
008 - FIXED-LENGTH DATA ELEMENTS
- fixed length control field: 230606|| aca||aabn | a|a d
040 ## - CATALOGING SOURCE
- Original cataloging agency: JO-AjAnu
- Transcribing agency: JO-AjAnu
150 ## - HEADING--TOPICAL TERM
- Topical term or geographic name entry element: Nursing - Study- Scensics
670 ## - SOURCE DATA FOUND
- Source citation: Work cat.: (JO-AjAnu)2983: Authors Eswi, Abeer Saad واخرون, Abeer Saad Eswi (editor), author 5764, Tuning Middle East and North Africa: Reference Point for the Design and Delivery of Degree Programmes in Nursing